00555 2200217 4500245004700000020001800047250001100065100001900076700001000095700002400105700001500129650001700144005001900161260004100180041001400221084001300235300003200248500003700280336000900317338001100326 aPrincess Tutu Vol. 1cSato, Jun-IchihText a979-20-8774-5 aCet. 1 aSato, Jun-Ichi aHelen aLoren Halim Widjaya aIto, Ikuko aKomik Jepang a20230131080408 aJakartabElex Media Komputindoc2006 aIndonesia a741.5592 a... jil. :bilus. ;c17 cm. aDiterjemahkan dari bahasa Jepang atext avolume